000 00862nam a2200217Ia 4500
999 _c53049
_d53049
001 20086
003 GE_BSU
005 20250513144509.0
008 181216s1961||||ru |||||||||||||| ||rus||
040 _cGE_BSU
080 _a398.2(3)(038) + 2-264(3)(038) М-68
100 _aБотвинник, М. Н.
_925033
245 _aМифологический словарь /
_cМ. Н. Ботвинник, М. А. Коган ; Ред. : Г. А. Стратанозский.
264 _aЛенинград :
_bГос. учеб. - педагог. изд. Минист. просвещ. РСФСР,
_c1961.
300 _a292 стр. ;
_c23 см.
541 _h7 ლ.
653 _aМифологический словарь
700 _aКоган, М. А.
_dАвтор
_925034
700 _aСтратанозский, Г. А.
_dРед.
_925035
942 _cBK
_2udc